000 00623cam a22002411 4500
001 sa 68015760
003 DLC
005 20260227112646.0
008 890830s1968 ii 000 0 sano
010 _asa 68015760
035 _a(OCoLC)20280475
040 _aDLC
_cWaU
_dDLC
042 _apremarc
050 0 0 _aPK3799.S393
_bH5
100 1 _aŚāstrī, Madhusūdana.
245 1 0 _aHindūviśvavidyālayaṃ mahākāvyam.
250 _a[1. sạmskaraṇam]
260 _c[1968]
300 _a9, 35 p.
_c19 cm.
500 _aCover title.
500 _aIn Sanskrit.
610 2 0 _aBanaras Hindu University
_vPoetry.
999 _c86665
_d86665